| 000 | 00809nam a22002177a 4500 | ||
|---|---|---|---|
| 005 | 20251108172254.0 | ||
| 008 | 250721s2003 xx 000 0 ara d | ||
| 082 | 1 | 4 | _a618.92/حسي |
| 100 | 1 |
_aالحسيني، أيمن _eتأليف |
|
| 245 | 1 | 0 |
_aالإسعافات الأولية للأطفال : _bكيف تسعف طفلك في الحالات الطارئة و تخفف من آلامه ؟ / |
| 264 | 1 |
_aالقاهرة : _bدار الطلائع للنشر، _c2003. |
|
| 300 | _a127 ص | ||
| 650 | 1 | 7 | _aالإسعاف الأولي |
| 650 | 1 | 7 | _aإجراءات الطوارئ |
| 650 | 1 | 7 | _aالوقاية الصحية |
| 650 | 1 | 7 | _aطب الأطفال |
| 650 | 1 | 7 | _aالإجراءات الوقائية للأطفال |
| 650 | 1 | 7 | _aأمراض الإسهال |
| 942 |
_2ddc _cBK |
||
| 999 |
_c74775 _d74775 |
||